Computational Toxicology Risk Assessment for Pharmaceutical & Environmental Chemicals (Record no. 23214)
[ view plain ]
| 000 -LEADER | |
|---|---|
| fixed length control field | 00432nam a22001457a 4500 |
| 003 - CONTROL NUMBER IDENTIFIER | |
| control field | NUST |
| 020 ## - INTERNATIONAL STANDARD BOOK NUMBER | |
| International Standard Book Number | 9780470049624 |
| 038 ## - RECORD CONTENT LICENSOR | |
| Staff Name | Nusrat Nadeem |
| 082 ## - DEWEY DECIMAL CLASSIFICATION NUMBER | |
| Classification number | 615090015118 EKI |
| 100 ## - MAIN ENTRY--PERSONAL NAME | |
| Personal name | Sean Ekins |
| 9 (RLIN) | 21400 |
| 245 ## - TITLE STATEMENT | |
| Title | Computational Toxicology Risk Assessment for Pharmaceutical & Environmental Chemicals |
| Statement of responsibility, etc. | Sean Ekins |
| 260 ## - PUBLICATION, DISTRIBUTION, ETC. | |
| Place of publication, distribution, etc. | Canada |
| Name of publisher, distributor, etc. | Wiley Series |
| Date of publication, distribution, etc. | 2007 |
| 538 ## - SYSTEM DETAILS NOTE | |
| Display text | Bioinformatics Lab (Photocopy Book) |
| 942 ## - ADDED ENTRY ELEMENTS (KOHA) | |
| Koha item type | Book |
| Source of classification or shelving scheme | |
| Withdrawn status | Lost status | Damaged status | Not for loan | Collection code | Permanent Location | Current Location | Shelving location | Date acquired | Source of acquisition | Cost, normal purchase price | Total Checkouts | Full call number | Barcode | Date last seen | Price effective from | Koha item type | Date last checked out | Source of classification or shelving scheme | Total Renewals | Checked out |
|---|---|---|---|---|---|---|---|---|---|---|---|---|---|---|---|---|---|---|---|---|
| Central Library (CL) | Central Library (CL) | 03/06/2013 | Progessive International Agencies(Pvt) Limited | 5555.00 | 615090015118 EKI | RCMS002289 | 03/06/2013 | 01/05/2017 | Book | |||||||||||
| Central Library (CL) | Central Library (CL) | 03/06/2013 | Progessive International Agencies(Pvt) Limited | 5555.00 | 1 | 615090015118 EKI | RCMS002314 | 03/06/2024 | 01/05/2017 | Book | 07/12/2016 | |||||||||
| School of Interdisciplinary Engineering and Sciences (SINES) | School of Interdisciplinary Engineering and Sciences (SINES) | Text Books | 08/15/2016 | 1 | 615090015118 EKI | RCMS002902 | 02/01/2023 | 01/05/2017 | Text Books | 02/01/2023 | 2 | 06/01/2023 |
